| 000 | 00704nam a22001337a 4500 | ||
|---|---|---|---|
| 008 | 110621t xxu||||| |||| 00| 0 eng d | ||
| 010 | _aCACAF69 | ||
| 245 | _aCourt of Appeal Civil Application No. 89 OF 2003 Premachandra Shenoi and another Vs Maximor Oleg Petrovich | ||
| 260 | _c2003 | ||
| 500 | _aCoram: Hon. Lady Justice L.E.M. Mukasa-Kikonyogo, DCJ Hon. Mr. Justice J.P. Berko, JA Hon. Lady Justice C.N.B. Kitumba, JA | ||
| 500 | _aArising out of H.C.C.S. No. 802 of 1997 | ||
| 999 |
_c3487 _d3487 |
||